| 000 | 00000nam##2200000za#4500 |
| 001 | 9.641393 |
| 003 | CaOODSP |
| 005 | 20210624223205 |
| 007 | cr ||||||||||| |
| 008 | 150407|1981||||xxc|||||o f|0| 0 fre|d |
| 040 | |aCaOODSP|bfre |
| 043 | |an-cn--- |
| 086 | 1 |aA15-5129/1981F-PDF |
| 110 | 1 |aCanada.|bAgriculture Canada. |bDirection générale de recherche. |
| 245 | 10|aDe la terre à la table. I, Protéines animales ; II, Protéines non animales : |h[ressource électronique]|brapport présenté au Comité parlementaire et scientifique de la Chambre des communes, Ottawa, les 1er et 30 novembre 1977 |
| 260 | |aOttawa - Ontario : |bAgriculture Canada. |c1981. |
| 300 | |a128p.|bgraphiques, carte, tableaux |
| 500 | |aPublication historique numérisée par Agriculture et Agroalimentaire Canada. |
| 504 | |aBibliographie. |
| 590 | |a13-17-Supp|b2013-07-25 |
| 691 | 07|aAlimentation|2gcpds |
| 691 | 07|aProduit agro-alimentaire|2gcpds |
| 775 | 08|tFood from land. I, Animal protein ; II, Nonanimal protein : |w(CaOODSP)9.697822 |
| 856 | 40|ahttp://publications.gc.ca|qPDF|s7.01 MB|uhttps://publications.gc.ca/collections/collection_2013/aac-aafc/agrhist/A15-5129-1981-fra.pdf |